World Capitals Containing Double Letters - Statistics

General Stats
  • This quiz has been taken 3,999 times
  • The average score is 15 of 22
Answer Stats
Answer % Correct
Ottawa
88%
Canberra
84%
Wellington
84%
Tallinn
82%
Addis Ababa
79%
Ulaanbaatar
78%
Brussels
76%
Andorra la Vella
72%
Accra
71%
Amman
71%
Valletta
71%
Vienna
71%
Brazzaville
70%
Sana'a
64%
Nassau
61%
Freetown
58%
Yamoussoukro
57%
Bissau
54%
Libreville
54%
Basseterre
53%
Sri Jayawardenepura Kotte
51%
Nouakchott
49%
No matching quizzes found
Score Distribution
Percent of People with Each Score
Percentile by Number Answered
Your Score History
You have not taken this quiz